| 000 | 00615nam a2200229Ia 4500 | ||
|---|---|---|---|
| 003 | OSt | ||
| 005 | 20221007074013.0 | ||
| 006 | a|||||r|||| 00| 0 | ||
| 007 | ta | ||
| 008 | 221006b |||||||| |||| 00| 0 eng d | ||
| 024 | _a43,210 | ||
| 037 | _cTextual | ||
| 040 |
_aFLL _cFLL _beng |
||
| 041 |
_2eng _aeng |
||
| 082 | _aZ1,2673, Q5 | ||
| 100 |
_aVerkey E. _9692465 |
||
| 245 | 0 | _aIntellectual property law and practice | |
| 260 |
_aLucknow _bEastern book company India _c2015 |
||
| 300 |
_a1366 lxxxviii _ccm. |
||
| 942 |
_hZ1,2673, Q5 _cTEXL _2CC |
||
| 999 |
_c1150756 _d1150756 |
||